LDR 00551naa#a2200181#i#450# 001 EN\\bibl\121577 005 20260604220355.4 011 ## _a1998-6785 100 ## _a20221221b2022####ek#y0engy0150####ca 102 ## _aRU 200 1# _aHow Students Use YouTube Resources in Preparing for History Classes _eJournal article 210 1# _aVladivostok _cVladivostok State University _d2022 215 ## _a7 с. 608 ## _aJournal article _2local 675 ## _aистории. 372.893 _z 700 #1 _aAvdoshkina _gOlga V. 700 #1 _aKuzmin _gVasily L. 856 4# _aojkum.editorum.ru _u